=LDR 00000nam 2200000 4500 =001 INLIS000000000038947 =005 20130612144614 =008 ***********************************ind** =035 ##$$0010-061300000038947 =041 ##$$a ind =082 ##$$a 612.804 =090 ##$$a 612.804, Rie w =100 ##$$a RIES,AL =245 ##$$a War in the boardroom6cAl ries ,Lavina ries;Penyunting,Ferdinandus U Ardi =260 ##$$a 2010 $b Jakarta =300 ##$$a 266 Hlm, 24 cm =650 ##$$a OTAK KIRI DAN KANAN =700 ##$$a ARDI, Fediandus U =850 ##$$a NBPNMAT =990 ##$$a 0001/BPAP-NTB/2015